|
|
|
|
| LEADER |
00000ngm a22000007i 4500 |
| 001 |
IT\ICCU\CAG\1835358 |
| 003 |
ItRI |
| 005 |
20260502153048.0 |
| 008 |
110606quuuuuuuuit |||||||||||||||k|||||c |
| 040 |
|
|
|b ita
|c Centro di documentazione Omologie (CIG Arcigay Milano)
|
| 041 |
|
7 |
|a ita
|2 ISO-639-2
|
| 130 |
4 |
|
|a The sum of us <film ; 1994>
|
| 245 |
0 |
0 |
|a Tutto cio che siamo /
|c un film di Kevin Dowling, Geoff Burton. - [S.l.] : E.Mik, [dopo 1994?]. - 1 vhs (videocassetta) (100 min.) : color. ; sonor.((Tit. dal contenitore. - Interpreti: Russell Crowe. - Ripr. del film del 1994, prod. in Australia.
|
| 700 |
1 |
|
|a Dowling, Kevin
|0 IT\ICCU\LO1V\330522
|
| 700 |
1 |
|
|a Burton, Geoff
|0 IT\ICCU\UBOV\497729
|
| 830 |
|
0 |
|a Lifestyle
|0 IT\ICCU\UBO\1428359
|
| 942 |
|
|
|2 ddc
|c VM
|n 0
|
| 952 |
|
|
|0 0
|1 0
|2 ddc
|4 0
|6 791_430000000000000_TUT_BUR
|7 0
|9 33407
|a MI
|b MI
|d 2026-05-02
|l 0
|o 791.43 TUT BUR
|p 11907
|r 2026-05-02 15:35:01
|w 2026-05-02
|y VM
|
| 981 |
|
1 |
|6 z01
|a b
|b xa2e
|
| 982 |
|
1 |
|6 z01
|a g
|
| 999 |
|
|
|c 29014
|d 29014
|